| 000 | 01009nam a2200277 4500 | ||
|---|---|---|---|
| 001 | 23072 | ||
| 003 | BD-RjUL | ||
| 005 | 20211209000904.0 | ||
| 008 | 140310s19681955nyu b 001 0 eng | ||
| 035 | _a(BD-RjUL)23137 | ||
| 040 |
_aDLC _cDLC _dDLC _dBD-RjUL _beng |
||
| 041 | _aeng | ||
| 082 | 0 | 0 |
_a820.9003 _bCOC 1968 |
| 100 | 1 |
_aColeridge, Samuel Taylor, _d1772-1834. _971154 |
|
| 245 | 0 | 0 |
_aColeridge on the seventeenth century / _cEdited by Roberta Florence Brinkley. Introd. by Louis I. Bredvold. |
| 260 |
_aNew York : _bGreenwood Press, _cc195[Reprinted 1968]. |
||
| 300 |
_axxxviii, 704 p. ; _c24 cm. |
||
| 504 | _aBibliography: p. [xv]-xx. and index. | ||
| 650 | 0 |
_aEnglish literature _yEarly modern, 1500-1700 _xHistory and criticism. _953256 |
|
| 650 | 0 |
_aCivilization, Modern _y17th century. _971155 |
|
| 651 | 0 |
_aGreat Britain _xIntellectual life _y17th century. _955006 |
|
| 700 | 1 |
_aBrinkley, Roberta Florence, _eed. _970716 |
|
| 942 |
_2ddc _cBK |
||
| 999 |
_c23072 _d23072 |
||